Novelizácia zákona o rozpočtových pravidlách

Zákon č. 523/2004 Z.z. o rozpočtových pravidlách verejnej správy bol v roku 2010 novelizovaný trikrát a to: zákonom č. 57/2010 Z.z. s účinnosťou od 1. apríla 2010; zákonom č. 403/2010 Z.z. s účinnosťou od 1. novembra 2010; zákonom č. 468/2010 s účinnosťou od 30. novembra 2010. Zmeny a komentáre v tý...

Descrizione completa

Salvato in:
Dettagli Bibliografici
Autore principale: Konvalinková, Iveta
Natura: Capitolo di libro
Lingua:slovacco
Soggetti:
Tags: Aggiungi Tag
Nessun Tag, puoi essere il primo ad aggiungerne!!

MARC

LEADER 00000naa a2200000 4500
001 0126172
005 20231120115119.4
041 0 |a slo 
044 |a SK 
245 1 0 |a Novelizácia zákona o rozpočtových pravidlách  |c Iveta Konvalinková 
520 |a Zákon č. 523/2004 Z.z. o rozpočtových pravidlách verejnej správy bol v roku 2010 novelizovaný trikrát a to: zákonom č. 57/2010 Z.z. s účinnosťou od 1. apríla 2010; zákonom č. 403/2010 Z.z. s účinnosťou od 1. novembra 2010; zákonom č. 468/2010 s účinnosťou od 30. novembra 2010. Zmeny a komentáre v týchto troch novelách. 
610 2 0 |a pravidlá rozpočtové 
610 2 0 |a zákony 
610 2 0 |a novelizácia 
100 1 |a Konvalinková, Iveta